[Event "Campeonato de España Rapid 2017"]
[Site "Linares"]
[Date "2017.08.13"]
[Round "9"]
[White "Tejedor Fuente, Enrique"]
[Black "Bernabeu Lopez, Carlos Javier"]
[Result "1-0"]
[Board "30"]
[WhiteTitle "FM"]
[WhiteElo "2313"]
[WhiteCountry "ESP"]
[WhiteFideId "2299100"]
[WhiteEloChange "4"]
[BlackTitle "FM"]
[BlackElo "2097"]
[BlackCountry "ESP"]
[BlackFideId "2235366"]
[BlackEloChange "-4"]

1. d4 {[%clk 0:15:07]} Nf6 {[%clk 0:15:04]} 2. c4 {[%clk 0:15:09]} g6 {[%clk
0:15:05]} 3. Nf3 {[%clk 0:14:57]} Bg7 {[%clk 0:15:09]} 4. Bf4 {[%clk 0:14:56]}
O-O {[%clk 0:15:12]} 5. e3 {[%clk 0:14:59]} d6 {[%clk 0:15:15]} 6. h3 {[%clk
0:15:00]} Nbd7 {[%clk 0:15:13]} 7. Nc3 {[%clk 0:15:03]} b6 {[%clk 0:15:15]} 8.
Be2 {[%clk 0:15:03]} Bb7 {[%clk 0:15:18]} 9. O-O {[%clk 0:15:06]} h6 {[%clk
0:15:09]} 10. Bh2 {[%clk 0:15:06]} Ne4 {[%clk 0:15:01]} 11. Nxe4 {[%clk 0:15:01]}
Bxe4 {[%clk 0:15:05]} 12. Nd2 {[%clk 0:15:10]} Bb7 {[%clk 0:15:09]} 13. Bf3
{[%clk 0:15:14]} Bxf3 {[%clk 0:15:12]} 14. Qxf3 {[%clk 0:15:07]} e5 {[%clk
0:15:10]} 15. Nb3 {[%clk 0:15:15]} a5 {[%clk 0:15:09]} 16. a4 {[%clk 0:15:05]}
Qe7 {[%clk 0:14:55]} 17. Qc6 {[%clk 0:14:52]} Rab8 {[%clk 0:14:42]} 18. Rfd1
{[%clk 0:14:30]} f5 {[%clk 0:14:24]} 19. Rac1 {[%clk 0:13:59]} g5 {[%clk
0:14:19]} 20. dxe5 {[%clk 0:13:23]} Nxe5 {[%clk 0:14:20]} 21. Qd5+ {[%clk
0:13:11]} Qf7 {[%clk 0:14:17]} 22. Nd4 {[%clk 0:13:09]} Nd7 {[%clk 0:13:13]} 23.
Nxf5 {[%clk 0:13:04]} Qxd5 {[%clk 0:13:16]} 24. Ne7+ {[%clk 0:13:08]} Kf7 {[%clk
0:13:02]} 25. Nxd5 {[%clk 0:13:11]} Bxb2 {[%clk 0:12:52]} 26. Rc2 {[%clk
0:13:07]} Be5 {[%clk 0:12:53]} 27. Nxc7 {[%clk 0:12:53]} Nc5 {[%clk 0:12:48]} 28.
Ra2 {[%clk 0:12:37]} Rfd8 {[%clk 0:12:29]} 29. f4 {[%clk 0:12:27]} gxf4 {[%clk
0:12:30]} 30. exf4 {[%clk 0:12:31]} Bf6 {[%clk 0:12:30]} 31. Nb5 {[%clk 0:12:33]}
Ne4 {[%clk 0:12:27]} 32. Re2 {[%clk 0:12:26]} Nc3 {[%clk 0:12:30]} 33. Nxc3
{[%clk 0:12:24]} Bxc3 {[%clk 0:12:34]} 34. f5 {[%clk 0:12:20]} Rbc8 {[%clk
0:12:37]} 35. Re4 {[%clk 0:12:01]} Bb4 {[%clk 0:12:30]} 36. g4 {[%clk 0:11:58]}
Rc5 {[%clk 0:12:14]} 37. Rxd6 {[%clk 0:10:58]} Rxd6 {[%clk 0:12:18]} 38. Bxd6
{[%clk 0:11:01]} Rc6 {[%clk 0:12:22]} 39. Re7+ {[%clk 0:10:12]} Kg8 {[%clk
0:12:07]} 40. Bxb4 {[%clk 0:10:08]} axb4 {[%clk 0:12:11]} 41. Re5 {[%clk
0:06:54]} Rxc4 {[%clk 0:11:56]} 42. Rb5 {[%clk 0:06:56]} b3 {[%clk 0:11:49]} 43.
Rxb3 {[%clk 0:06:50]} Rxa4 {[%clk 0:11:53]} 44. Rxb6 {[%clk 0:06:54]} Kg7 {[%clk
0:11:57]} 45. Kg2 {[%clk 0:06:52]} Ra3 {[%clk 0:12:00]} 46. Rg6+ {[%clk 0:06:43]}
Kh7 {[%clk 0:12:04]} 47. Re6 {[%clk 0:06:47]} Kg7 {[%clk 0:12:08]} 48. Rd6 {[%clk
0:06:10]} Rb3 {[%clk 0:12:11]} 49. Rd4 {[%clk 0:05:58]} Kf6 {[%clk 0:12:10]} 50.
Rf4 {[%clk 0:06:00]} h5 {[%clk 0:12:05]} 51. Rf3 {[%clk 0:04:26]} Rb4 {[%clk
0:12:08]} 52. Kg3 {[%clk 0:04:03]} hxg4 {[%clk 0:12:09]} 53. hxg4 {[%clk
0:04:07]} Kg5 {[%clk 0:11:21]} 54. f6 {[%clk 0:04:01]} Rb8 {[%clk 0:11:25]} 55.
f7 {[%clk 0:03:44]} Rf8 {[%clk 0:11:28]} 56. Rf5+ {[%clk 0:03:46]} Kg6 {[%clk
0:11:32]} 57. Kf4 {[%clk 0:03:45]} Kh6 {[%clk 0:11:32]} 58. Ke5 {[%clk 0:03:42]}
Kg7 {[%clk 0:11:31]} 59. Ke6 {[%clk 0:03:44]} Ra8 {[%clk 0:11:28]} 60. f8Q+
{[%clk 0:03:09]} Rxf8 {[%clk 0:11:31]} 61. Rxf8 {[%clk 0:03:12]} Kxf8 {[%clk
0:11:35]} 62. Kf6 {[%clk 0:03:17]} Kg8 {[%clk 0:11:39]} 63. Kg6 {[%clk 0:03:15]}
Kh8 {[%clk 0:11:43]} 64. Kh6 {[%clk 0:02:55]} Kg8 {[%clk 0:11:47]} 65. g5 {[%clk
0:02:52]} Kh8 {[%clk 0:11:51]} 66. g6 {[%clk 0:02:56]} Kg8 {[%clk 0:11:55]} 67.
g7 {[%clk 0:03:00]} 1-0

[Event "Campeonato de España Rapid 2017"]
[Site "Linares"]
[Date "2017.08.13"]
[Round "9"]
[White "Garcia Moral Garcia, Jose Daniel"]
[Black "Sanjuan Garcia, Miguel"]
[Result "1-0"]
[Board "31"]
[WhiteTitle "FM"]
[WhiteElo "2305"]
[WhiteCountry "ESP"]
[WhiteFideId "2298007"]
[WhiteEloChange "4"]
[BlackElo "2048"]
[BlackCountry "ESP"]
[BlackFideId "2210584"]
[BlackEloChange "-4"]

1. e4 {[%clk 0:15:05]} c5 {[%clk 0:15:05]} 2. Nf3 {[%clk 0:15:05]} e6 {[%clk
0:15:05]} 3. d4 {[%clk 0:15:05]} cxd4 {[%clk 0:15:05]} 4. Nxd4 {[%clk 0:15:05]}
Nf6 {[%clk 0:15:05]} 5. Nc3 {[%clk 0:15:05]} d6 {[%clk 0:15:05]} 6. Bg5 {[%clk
0:15:05]} h6 {[%clk 0:15:05]} 7. Be3 {[%clk 0:15:05]} Be7 {[%clk 0:15:05]} 8. f3
{[%clk 0:15:05]} Nc6 {[%clk 0:15:05]} 9. Qd2 {[%clk 0:15:05]} O-O {[%clk
0:15:05]} 10. O-O-O {[%clk 0:15:05]} d5 {[%clk 0:15:05]} 11. Qe1 {[%clk 0:15:05]}
Bb4 {[%clk 0:15:05]} 12. a3 {[%clk 0:14:51]} Ba5 {[%clk 0:14:58]} 13. Nb3 {[%clk
0:14:47]} Bxc3 {[%clk 0:13:02]} 14. Qxc3 {[%clk 0:14:47]} Bd7 {[%clk 0:12:36]}
15. e5 {[%clk 0:14:41]} Nh7 {[%clk 0:12:21]} 16. Bc5 {[%clk 0:14:36]} Re8 {[%clk
0:12:16]} 17. f4 {[%clk 0:14:36]} Rc8 {[%clk 0:12:16]} 18. Qe3 {[%clk 0:14:31]}
b6 {[%clk 0:12:01]} 19. Bd6 {[%clk 0:14:31]} Na5 {[%clk 0:11:56]} 20. Nxa5 {[%clk
0:14:26]} bxa5 {[%clk 0:11:56]} 21. Qxa7 {[%clk 0:14:11]} Ba4 {[%clk 0:10:05]}
22. Bd3 {[%clk 0:14:11]} Nf6 {[%clk 0:09:59]} 23. Qd4 {[%clk 0:14:07]} Bxc2
{[%clk 0:09:23]} 24. Bxc2 {[%clk 0:14:07]} Rc4 {[%clk 0:09:19]} 25. Qxc4 {[%clk
0:13:51]} dxc4 {[%clk 0:09:19]} 26. exf6 {[%clk 0:13:51]} Qxf6 {[%clk 0:09:19]}
27. Be5 {[%clk 0:13:51]} Qe7 {[%clk 0:09:04]} 28. Rd2 {[%clk 0:13:51]} Rc8 {[%clk
0:08:19]} 29. Bc3 {[%clk 0:13:46]} Qc7 {[%clk 0:08:03]} 30. g3 {[%clk 0:13:39]}
h5 {[%clk 0:07:57]} 31. Rhd1 {[%clk 0:13:25]} g6 {[%clk 0:07:21]} 32. Bf6 {[%clk
0:13:10]} 1-0